Normal view MARC view
  • UPADHYAY, DR.SUKIRTY, 2-UPADHYAY, DR. PRASHANT 3-YADAV, DR. RITA .4- GOYAL, MS SRISHTI

Entry Personal Name

Number of records used in: 1

001 - CONTROL NUMBER

  • control field: 8775

003 - CONTROL NUMBER IDENTIFIER

  • control field: JRU

005 - DATE AND TIME OF LATEST TRANSACTION

  • control field: 20251124060619.0

008 - FIXED-LENGTH DATA ELEMENTS

  • fixed length control field: 251124|| aca||aabn | a|a d

040 ## - CATALOGING SOURCE

  • Original cataloging agency: JRU
  • Transcribing agency: JRU

100 ## - HEADING--PERSONAL NAME

  • Personal name: UPADHYAY, DR.SUKIRTY, 2-UPADHYAY, DR. PRASHANT 3-YADAV, DR. RITA .4- GOYAL, MS SRISHTI

670 ## - SOURCE DATA FOUND

  • Source citation: Work cat.: (JRU)8950: UPADHYAY, DR.SUKIRTY, 2-UPADHYAY, DR. PRASHANT 3-YADAV, DR. RITA .4- GOYAL, MS SRISHTI, HERBAL DRUG TECHNOLOGY , 2025